Obálka Náhled e-knihy:
PDF Epub
Pro půjčování e-knih musíte být přihlášeni.
Jak si půjčit online?

Dobyvatel světa (2. vydání) /

Beletrizované vylíčení dramatických událostí zrodu makedonského království, jehož mocenský vzestup dovršil král Filip II. Makedonský svými výboji do sousedních knížectví a nakonec i ovládnutím Řecka, jež sjednotil v rámci Korintského spolku k plánovanému tažení proti Persii. Těsně před odchodem do v...

Celý popis

Uloženo v:
Hlavní autor: Richter, Karel (Autor)
Médium: E-kniha
Jazyk:Czech
Vydáno: Praha : Nakladatelství Epocha s.r.o., 2026
Tagy:
Žádné tagy
LEADER 02239nam a22002297i 4500
001 302986
007 ta
008 260516s2026 xr ||||| |||| 00| 0 cze d
020 |a 9788027802876 
044 |a xr 
100 1 |a  Richter, Karel  |4 aut 
245 1 0 |a Dobyvatel světa (2. vydání) /  |c  Richter, Karel 
264 1 |a Praha :  |b Nakladatelství Epocha s.r.o.,  |c 2026 
300 |a 1 online zdroj (424 stran) 
336 |a text  |b txt  |2 rdacontent 
337 |a bez média  |b n  |2 rdamedia 
338 |a online zdroj  |b cr  |2 rdacarrier 
520 2 |a Beletrizované vylíčení dramatických událostí zrodu makedonského království, jehož mocenský vzestup dovršil král Filip II. Makedonský svými výboji do sousedních knížectví a nakonec i ovládnutím Řecka, jež sjednotil v rámci Korintského spolku k plánovanému tažení proti Persii. Těsně před odchodem do války byl však při svatbě své dcery Kleopatry zavražděn příslušníkem své tělesné stráže. Kdo stál za tímto atentátem není dodnes spolehlivě objasněno. Podezírána byla i zavržená královna Olympia, matka Alexandra, následníka trůnu, kterého Filip počal zatlačovat do pozadí, a sám Alexandr, jemuž Filipova smrt otevřela cestu k moci. Autor neváhá klást otázky, které vedou čtenáře k zamyšlení nad záhadami vylíčených dějů. Kniha pak, opřena o historiografická vylíčení Alexandrových tažení a vítězných bitev, zobrazuje jeho cestu k ovládnutí celé perské říše a sleduje jeho vzrušující osudy až k okamžikům náhlého, velice záhadného onemocnění při hostině před vyražením na dobyvatelské tažení do Arábie. Onemocnění, které po několika dnech skončí smrtí geniálního dobyvatele a vládce největší tehdejší říše světa. 
910 |a RBIT002 
998 |d 427108  |a https://core.palmknihy.cz/api/books/427108/cover?tf0hx0  |b https://core.palmknihy.cz/api/books/427108/cover/400?tf0hx0  |c https://core.palmknihy.cz/api/books/427108/cover/50?tf0hx0  |e 2031-05-14  |g 424  |i 9788027802876  |j https://core.palmknihy.cz/api/books/427108/preview.epub  |k https://core.palmknihy.cz/api/books/427108/preview.pdf  |l   |q 49  |r 1  |s https://www.palmknihy.cz/kniha/427108  |t ebook  |y 2026  |z 1 
999 |d 302984